[Event "Nationale I Rounds 8-11"]
[Site "?"]
[Date "2008.03.15"]
[Round "?"]
[White "Romero Holmes, Alfonso"]
[Black "Fedorchuk, Sergey A"]
[WhiteElo "2526"]
[BlackElo "2652"]
[Result "1-0"]

1. c4 Nf6 2. Nc3 e5 3. Nf3 Nc6 4. d3 Be7 5. Bg5 h6 6. Bh4 d6 7. e3 Bf5 8. Be2 Qd7 9. d4 g5 10. Bg3 g4 11. Nh4 Bh7 12. dxe5 Nxe5 13. c5 Rg8 14. cxd6 Bxd6 15. Nb5 Bb4+ 16. Kf1 Rg5 17. Qxd7+ Kxd7 18. Rd1+ Ke7 19. h3 c6 20. Nd4 c5 21. Ndf5+ Bxf5 22. Bxe5 gxh3 23. Nxf5+ Rxf5 24. Bd6+ Ke8 25. Rxh3 h5 26. g4 Rg5 27. f4 Rd5 28. Rxd5 Nxd5 29. Bb5+ Kd8 30. Rxh5 Nxe3+ 31. Ke2 

1-0

[Event "1nd Malaga op"]
[Site "?"]
[Date "1998.02.16"]
[Round "?"]
[White "Romero Holmes, Alfonso"]
[Black "Kurajica, Bojan"]
[WhiteElo "2490"]
[BlackElo "2580"]
[Result "1-0"]

1. e4 c5 2. Nc3 a6 3. Nge2 e5 4. Nd5 d6 5. a4 Nc6 6. Nec3 Nd4 7. Rb1 Ne7 8. b4 cxb4 9. Rxb4 Nec6 10. Rb1 Rb8 11. Nb6 Be6 12. Ncd5 Ne7 13. c3 Bxd5 14. exd5 Ndf5 15. a5 Ng8 16. Qa4+ Ke7 17. Bd3 Ngh6 18. O-O f6 19. f4 g6 20. fxe5 dxe5 21. d6+ Kf7 22. Nd7 Nxd6 23. Nxb8 Qxb8 24. Qb3+ Kg7 25. Qe6 Qd8 26. Ba3 Ndf7 27. Bxf8+ Rxf8 28. Bc4 Nd6 29. Rb6 Nhf7 30. Ba2 f5 

1-0

[Event "Elgoibar"]
[Site "?"]
[Date "1996.??.??"]
[Round "?"]
[White "Romero Holmes, Alfonso"]
[Black "Campora, Daniel H"]
[WhiteElo "2430"]
[BlackElo "2545"]
[Result "1-0"]

1. e4 Nf6 2. Nc3 d5 3. e5 d4 4. Nce2 Ng4 5. f4 Nc6 6. Nf3 Nh6 7. Ng3 Bg4 8. Bc4 Qd7 9. Ne4 e6 10. O-O Nf5 11. h3 Bxf3 12. Qxf3 h5 13. a3 Na5 14. Bd3 c5 15. Nxc5 Bxc5 16. b4 Bb6 17. bxa5 Bxa5 18. Rb1 O-O-O 19. a4 Ne7 20. Ba6 Bb6 21. a5 Nc6 22. axb6 bxa6 23. bxa7 Kc7 24. Ba3 Qd5 25. Qxd5 Rxd5 26. Bd6+ Rxd6 27. exd6+ Kxd6 28. Rb7 Ra8 29. Ra1 a5 30. Rxf7 g6 31. Kf2 Kd5 32. Rc7 Kd6 33. Rxc6+ Kxc6 34. Rxa5 Kb7 35. Kf3 

1-0

[Event "Las Palmas op1"]
[Site "?"]
[Date "1991.??.??"]
[Round "?"]
[White "Romero Holmes, Alfonso"]
[Black "Morovic Fernandez, Ivan"]
[WhiteElo "2460"]
[BlackElo "2535"]
[Result "1-0"]

1. e4 c5 2. Nf3 Nc6 3. Nc3 g6 4. d4 cxd4 5. Nxd4 Bg7 6. Be3 Nf6 7. Nxc6 bxc6 8. e5 Ng8 9. Bd4 f6 10. f4 d5 11. exd6 exd6 12. Qf3 Ne7 13. O-O-O O-O 14. Bc5 d5 15. Bc4 Kh8 16. Rhe1 Re8 17. Qe3 Bg4 18. Bxe7 Qc7 19. Rd2 dxc4 20. h3 Bc8 21. Rde2 f5 22. Bd6 Rxe3 23. Bxc7 Rxe2 24. Rxe2 Kg8 25. Bd6 Bf6 26. Na4 Kf7 27. Nc5 c3 28. b3 a5 29. Be5 Be7 30. Bd4 Bxc5 31. Bxc5 a4 32. Bd4 axb3 33. cxb3 Ba6 34. Rc2 Bd3 35. Rxc3 Be4 36. a4 Bxg2 37. Bb6 Re8 38. Kd2 Ke6 39. a5 Kd7 40. a6 Bf1 41. a7 Bg2 42. Rd3+ Bd5 43. Rd4 Kd6 44. b4 Ra8 45. Kc3 Kd7 46. Rd1 Kc8 47. Kd4 Kb7 48. Kc5 Re8 49. Ra1 Bf3 50. Kd6 Ka8 51. Ra3 Bg2 52. Bc5 Kb7 53. Kd7 Rg8 54. h4 Bd5 55. Rd3 Ka8 56. Rd2 Rg7+ 57. Kd6 Rg8 58. b5 Be4 59. b6 Kb7 60. Kd7 Bd5 61. Re2 Be4 

1-0

[Event "10th Elgoibar"]
[Site "?"]
[Date "2000.??.??"]
[Round "?"]
[White "Romero Holmes, Alfonso"]
[Black "Campora, Daniel H"]
[WhiteElo "2473"]
[BlackElo "2526"]
[Result "1-0"]

1. d4 Nf6 2. c4 e6 3. g3 c5 4. Nf3 cxd4 5. Nxd4 Nc6 6. Nc3 Be7 7. Bg2 O-O 8. O-O a6 9. b3 Qc7 10. Bb2 d6 11. Rc1 Nxd4 12. Qxd4 Bd7 13. Rfd1 Rfd8 14. b4 Rac8 15. b5 Qb8 16. a4 axb5 17. axb5 e5 18. Qd3 Be6 19. Nd5 Bxd5 20. Bxd5 Nxd5 21. Qxd5 Qc7 22. Ba3 h6 23. Rc3 Bf8 24. Rdd3 b6 25. Bc1 Re8 26. e4 Re6 27. Be3 Be7 28. h4 g5 29. h5 g4 30. Ra3 

1-0

[Event "7th Elgoibar"]
[Site "?"]
[Date "1997.12.31"]
[Round "?"]
[White "Romero Holmes, Alfonso"]
[Black "Izeta Txabarri, Felix"]
[WhiteElo "2465"]
[BlackElo "2525"]
[Result "1-0"]

1. c4 Nf6 2. Nf3 d6 3. d4 g6 4. Nc3 Bg7 5. e4 O-O 6. Be2 Bg4 7. Be3 Nfd7 8. Qd2 e5 9. O-O-O Nc6 10. d5 Bxf3 11. dxc6 Bxe2 12. cxb7 Rb8 13. Qxe2 Rxb7 14. c5 Nb8 15. Qd3 Qc8 16. cxd6 cxd6 17. Qxd6 Nc6 18. Qc5 Re8 19. Nd5 Qb8 20. Rd2 Bf8 21. Qxc6 Rc8 22. Qxc8 Qxc8+ 23. Rc2 Qe6 24. Kb1 Kg7 25. f3 Be7 26. Rhc1 Qa6 27. Rd1 Qb5 28. Ka1 Qa4 29. Rdc1 h6 30. Bd2 Bg5 31. Kb1 Bxd2 32. Rxd2 h5 33. Ne3 Rd7 34. Nd5 Rb7 35. Ne3 a5 36. Nc4 Qb4 37. a3 Qa4 38. Rd5 Rc7 39. Nxa5 Rxc1+ 40. Kxc1 Kf6 41. Kd2 Ke6 42. Kc3 f6 43. Nc4 Qa7 44. b4 Qg1 45. Rd6+ Ke7 46. Rd2 f5 47. b5 fxe4 48. fxe4 Qc1+ 49. Kb4 Qb1+ 50. Kc5 Qxe4 51. b6 Qa8 52. Kb5 e4 53. a4 g5 54. a5 Qe8+ 55. Kb4 Qa8 56. Ra2 Qa6 57. Re2 Qa8 58. Kc3 Qh8+ 59. Kb3 Qa8 60. Ra2 Qa6 61. Kc3 Ke6 62. Rb2 Kd5 63. Rb4 Qb7 64. a6 Qg7+ 65. Kb3 Qd4 66. b7 Qd1+ 67. Kb2 Qe2+ 68. Ka3 Qd3+ 69. Ka4 Qc2+ 70. Kb5 

1-0

[Event "Leon-B"]
[Site "?"]
[Date "1996.??.??"]
[Round "?"]
[White "Romero Holmes, Alfonso"]
[Black "De La Villa Garcia, Jesus Maria"]
[WhiteElo "2425"]
[BlackElo "2525"]
[Result "1-0"]

1. c4 e5 2. g3 f5 3. d4 exd4 4. Qxd4 Nc6 5. Qe3+ Be7 6. Nc3 Nf6 7. Bg2 O-O 8. Nh3 d6 9. O-O Ne5 10. b3 c6 11. Rd1 Re8 12. Qd4 Qa5 13. a4 Nfd7 14. Qd2 Nc5 15. Rb1 Qc7 16. a5 Bf8 17. f3 Be6 18. Nf2 Rad8 19. Qc2 Bf7 20. f4 Ned7 21. Ra1 Nf6 22. Ra3 d5 23. cxd5 cxd5 24. Nb5 Qd7 25. Nd4 Nce4 26. Nxe4 Nxe4 27. Bxe4 Rxe4 28. Ra4 Rc8 29. Qd2 Bh5 30. Re1 Bc5 31. e3 a6 32. Bb2 Rce8 33. Raa1 Qe7 34. Nxf5 Qf8 35. Nd4 Bg6 36. Kg2 R4e7 37. Ba3 Be4+ 38. Kg1 Bxa3 39. Rxa3 Rc7 40. Raa1 Rec8 41. Rac1 Qa3 42. Rxc7 Rxc7 43. f5 Rc5 44. f6 Rxa5 45. Ne6 gxf6 46. Qc3 Kf7 47. Nd8+ Ke8 48. Nxb7 Rb5 49. Qc8+ Kf7 50. Qd7+ Kg6 51. Nd6 Kh6 52. Nxb5 axb5 53. Qh3+ Kg6 54. Qg4+ Kf7 55. Qd7+ Kg6 56. Qxb5 Qb2 57. Qe2 Qxb3 58. Qd2 Qb6 59. Qd4 Qa6 60. Rf1 f5 61. Qd2 Qa7 62. Rc1 Kg5 63. Qd4 Qb7 64. Qe5 Kg6 65. Qc7 Qb2 66. Rc6+ Kg5 67. Qf4+ 

1-0

[Event "11th Open A"]
[Site "?"]
[Date "2003.08.22"]
[Round "?"]
[White "Romero Holmes, Alfonso"]
[Black "Arizmendi Martinez, J"]
[WhiteElo "2530"]
[BlackElo "2521"]
[Result "1-0"]

1. c4 Nf6 2. Nc3 g6 3. e4 d6 4. Nge2 Bg7 5. h3 c5 6. d3 Nc6 7. Be3 O-O 8. g3 a6 9. Bg2 Rb8 10. a4 e5 11. O-O Bd7 12. f4 exf4 13. Bxf4 Ne5 14. a5 b5 15. axb6 Rxb6 16. Qd2 Qb8 17. Ra2 Be6 18. Bg5 Nfd7 19. Nf4 Nc6 20. h4 h6 21. Nxe6 fxe6 22. Bf4 Nd4 23. Ne2 Nxe2+ 24. Qxe2 Rxb2 25. Rxb2 Qxb2 26. Qxb2 Bxb2 27. Bh3 Bd4+ 28. Kg2 e5 29. Bxh6 Rxf1 30. Kxf1 Nf8 31. Bd2 Bb2 32. Bc8 Ba3 33. Bxa6 Bb4 34. Bg5 Ba5 35. Bc8 Kf7 36. Ke2 Nh7 37. Be3 Bd8 38. Kd1 Be7 39. Kc2 Nf6 40. g4 Bf8 41. Bd2 Ke8 42. Ba5 Be7 43. Kb3 Bd8 44. Bd2 Ng8 45. Be6 Ne7 46. h5 Nc6 47. Ka4 Nd4 48. Bd5 gxh5 49. gxh5 Nf3 50. Ba5 Bg5 51. Kb5 Nd4+ 52. Ka6 Nb3 53. Bc7 Kd7 54. Kb7 Nc1 55. Bc6+ Ke7 56. Kc8 Be3 57. Bd8+ Kf7 58. Kd7 Nxd3 59. Kxd6 Kg7 60. Be8 Nb2 61. Kd5 Bd4 62. Bg5 Nd1 63. Ke6 Nc3 64. Bg6 Na2 65. Bf6+ 

1-0

[Event "Hoogovens-B"]
[Site "?"]
[Date "1991.??.??"]
[Round "?"]
[White "Romero Holmes, Alfonso"]
[Black "Tukmakov, Vladimir B"]
[WhiteElo "2460"]
[BlackElo "2520"]
[Result "1-0"]

1. e4 c5 2. Nf3 d6 3. d4 cxd4 4. Nxd4 Nf6 5. Nc3 a6 6. Be3 e6 7. Qd2 b5 8. f3 Nbd7 9. g4 h6 10. O-O-O Bb7 11. h4 b4 12. Nce2 d5 13. Bh3 dxe4 14. g5 hxg5 15. hxg5 exf3 16. Nf4 Ne4 17. Qe1 Nxg5 18. Ndxe6 fxe6 19. Bxe6 Nxe6 20. Rxh8 Qf6 21. Rd6 O-O-O 22. Nxe6 Re8 23. Qxb4 f2 24. Qc4+ Kb8 25. Qc7+ Ka8 26. Rxa6+ 

1-0

[Event "ESP-chT"]
[Site "?"]
[Date "1995.??.??"]
[Round "?"]
[White "Romero Holmes, Alfonso"]
[Black "Magem Badals, Jordi"]
[WhiteElo "2455"]
[BlackElo "2520"]
[Result "1-0"]

1. e4 c6 2. d4 d5 3. e5 Bf5 4. h4 h6 5. g4 Bh7 6. e6 Qd6 7. exf7+ Kxf7 8. f4 Qe6+ 9. Kd2 Nf6 10. f5 Qd6 11. Qf3 Qg3 12. Bh3 Qxh4 13. Ke2 Nbd7 14. Bf4 Ne4 15. Nd2 Nxd2 16. Kxd2 Qf6 17. Ne2 g5 18. fxg6+ Qxg6 19. Qb3 Nf6 20. Raf1 Bg7 21. Ng3 Rhe8 22. Nf5 Bf8 23. Qxb7 Kg8 24. Kc1 e6 25. Ne3 c5 26. g5 hxg5 27. Bxg5 Ne4 28. Bf4 Bg7 29. Rhg1 Qf7 30. Qc6 Rec8 31. Qa4 cxd4 32. Ng4 Kh8 33. Be5 Bxe5 34. Rxf7 Bg7 35. Rxg7 Kxg7 36. Qxd4+ e5 37. Nxe5+ 

1-0

[Event "Benasque op"]
[Site "?"]
[Date "1985.??.??"]
[Round "?"]
[White "Romero Holmes, Alfonso"]
[Black "Sunye Neto, Jaime"]
[WhiteElo "2330"]
[BlackElo "2510"]
[Result "1-0"]

1. d4 Nf6 2. Bg5 d5 3. Bxf6 gxf6 4. c4 dxc4 5. e3 c5 6. Bxc4 cxd4 7. exd4 Bg7 8. Ne2 O-O 9. Nbc3 Nc6 10. Qd3 Nb4 11. Qd2 Bf5 12. O-O Rc8 13. Bb3 e6 14. Rfd1 Qe7 15. a3 Nc6 16. d5 exd5 17. Nxd5 Qe5 18. Ng3 Be6 19. f4 Qb8 20. Nh5 Bxd5 21. Qxd5 Ne7 22. Qf3 Qc7 23. Qg4 Ng6 24. Kh1 f5 25. Qxf5 Bxb2 26. Rab1 Qc3 27. Rd3 Qc5 28. Qg4 Kh8 29. f5 Ne7 30. Qe2 Be5 31. Rd5 Nxd5 32. Qxe5+ f6 33. Qxd5 Rfd8 34. Qxc5 Rxc5 35. Be6 Rb5 36. Ra1 Rd2 37. Nxf6 Rdb2 38. h4 Rf2 39. Kh2 Rbxf5 40. Bxf5 Rxf5 41. Ng4 Rf4 42. Kh3 Ra4 43. g3 

1-0

[Event "12th Memorial Kheireddine Ameyar"]
[Site "?"]
[Date "2014.06.25"]
[Round "?"]
[White "Romero Holmes, Alfonso"]
[Black "Savchenko, Stanislav"]
[WhiteElo "2475"]
[BlackElo "2504"]
[Result "1-0"]

1. e4 c5 2. Nf3 d6 3. c3 Nf6 4. Be2 g6 5. O-O Bg7 6. Bb5+ Bd7 7. Bxd7+ Qxd7 8. Re1 O-O 9. d4 d5 10. e5 Ne4 11. Nbd2 Nxd2 12. Qxd2 cxd4 13. Qxd4 Nc6 14. Qh4 h5 15. h3 Qf5 16. Qf4 Qxf4 17. Bxf4 Nd8 18. Red1 Ne6 19. Be3 Rfd8 20. Rd2 Rd7 21. Rad1 Nc7 22. a4 f6 23. Bd4 b6 24. exf6 exf6 25. Be3 Kf7 26. Nd4 Bf8 27. Nc6 Bc5 28. Bf4 g5 29. Bh2 a5 30. c4 d4 31. Nxd4 Rad8 32. Nc6 

1-0

[Event "Las Palmas op"]
[Site "?"]
[Date "1994.??.??"]
[Round "?"]
[White "Romero Holmes, Alfonso"]
[Black "Barlov, Dragan"]
[WhiteElo "2455"]
[BlackElo "2500"]
[Result "1-0"]

1. d4 Nf6 2. c4 e6 3. g3 Bb4+ 4. Bd2 Qe7 5. Bg2 O-O 6. Nf3 Bxd2+ 7. Qxd2 d6 8. Nc3 e5 9. O-O Re8 10. e3 c6 11. e4 a6 12. a3 Bg4 13. Nh4 exd4 14. Qxd4 c5 15. Qd3 Nc6 16. f4 Bd7 17. Rae1 Qf8 18. h3 Rab8 19. g4 Red8 20. g5 Ne8 21. Nf5 b5 22. cxb5 axb5 23. Nd5 b4 24. a4 Na5 25. b3 c4 26. bxc4 Nb7 27. Nxb4 Nc5 28. Qd2 Bxa4 29. Nd5 Kh8 30. h4 Bc6 31. Nd4 Ba8 32. Qc3 Rdc8 33. Qg3 Ne6 34. Qd3 Nc5 35. Qd2 Nc7 36. Nf5 Nxd5 37. cxd5 Qd8 38. Qd4 Qf8 39. h5 Nb3 40. Qb2 f6 41. h6 g6 42. Ng7 Kg8 43. Ne6 

1-0

[Event "Terrassa op"]
[Site "?"]
[Date "1994.??.??"]
[Round "?"]
[White "Romero Holmes, Alfonso"]
[Black "Comas Fabrego, Lluis"]
[WhiteElo "2450"]
[BlackElo "2500"]
[Result "1-0"]

1. e4 e6 2. d4 d5 3. Nc3 Bb4 4. Ne2 dxe4 5. a3 Be7 6. Nxe4 Nf6 7. Qd3 Nbd7 8. Bf4 Nxe4 9. Qxe4 c5 10. O-O-O O-O 11. Nc3 Nf6 12. Qe5 Nd7 13. Qe3 cxd4 14. Qxd4 Qa5 15. Bd6 Bf6 16. Qb4 Bxc3 17. bxc3 Qxb4 18. cxb4 Re8 19. f4 a6 20. Be2 Nf6 21. Bf3 Nd5 22. c4 Ne3 23. Rd4 Nf5 24. Rd2 Nh4 25. Be4 f5 26. g3 fxe4 27. gxh4 b5 28. c5 Bb7 29. Rg1 Bd5 30. Be5 Re7 31. f5 e3 32. Rd4 e2 33. f6 Rf7 34. Kd2 a5 35. Kxe2 axb4 36. axb4 Ra2+ 37. Rd2 Bc4+ 38. Ke3 Ra3+ 39. Kf2 g6 40. h5 

1-0

[Event "Cala Mayor Spain, Team ChampionshipGp1"]
[Site "?"]
[Date "2008.09.07"]
[Round "?"]
[White "Romero Holmes, Alfonso"]
[Black "Bellon Lopez, Juan Manuel"]
[WhiteElo "2534"]
[BlackElo "2425"]
[Result "1-0"]

1. d4 Nf6 2. c4 c6 3. Bf4 d5 4. e3 e6 5. Nc3 a6 6. Nf3 Nbd7 7. Qc2 Be7 8. h3 O-O 9. cxd5 Nxd5 10. Nxd5 exd5 11. Bd3 Qa5+ 12. Nd2 h6 13. O-O Nf6 14. Rab1 Re8 15. Rfc1 Ne4 16. Bxe4 dxe4 17. Nc4 Qb5 18. a4 Qb4 19. Qxe4 Be6 20. b3 Rad8 21. Qc2 Bh4 22. Ne5 Rd5 23. Nf3 Bf5 24. Qc4 Qf8 25. Ra1 Be7 26. Bc7 Ba3 27. Rd1 Qe7 28. Bg3 g5 29. Ne5 Bd6 30. f3 Be6 31. Qc2 Bb8 32. Bh2 Ba7 33. Kh1 c5 34. dxc5 Rxc5 35. Qb2 Rec8 36. Nc4 Rd5 37. Rxd5 Bxd5 38. Nd6 Rd8 39. Nf5 Qf8 40. Qf6 Bc5 41. Rd1 Rd7 42. Nxh6+ 

1-0

[Event "Spanish Championship Honor Gp2"]
[Site "?"]
[Date "2006.09.13"]
[Round "?"]
[White "Shirov, Alexei"]
[Black "Romero Holmes, Alfonso"]
[WhiteElo "2716"]
[BlackElo "2501"]
[Result "0-1"]

1. e4 c5 2. Nf3 d6 3. d4 cxd4 4. Nxd4 Nf6 5. Nc3 Nc6 6. Bg5 e6 7. Qd2 Be7 8. O-O-O Qb6 9. Nb3 O-O 10. f3 Rd8 11. Nb5 Rd7 12. Qe1 a6 13. Be3 Qd8 14. N5d4 Nxd4 15. Nxd4 Rc7 16. g4 b5 17. g5 Nd7 18. h4 Bb7 19. Qg3 Rac8 20. h5 Nf8 21. Bd3 Rc5 22. f4 e5 23. Nf5 exf4 24. Bxf4 Ne6 25. g6 Rxf5 26. exf5 Nxf4 27. gxh7+ Kh8 28. Rhg1 Nxd3+ 29. Rxd3 Qf8 30. h6 gxh6 31. f6 Bxf6 32. Rxd6 Bg5+ 33. Kb1 Be4 34. Rxa6 Bxc2+ 35. Ka1 Kxh7 36. a3 Bg6 37. Rf1 Qg7 38. Qb3 Rc7 39. Qxb5 Qd4 40. Ra8 Qd3 41. Qxd3 Bxd3 42. Re1 Rb7 43. b4 f5 44. Kb2 f4 45. Kc3 Rd7 

0-1

[Event "Spanish Championship CECLUB Division Honor"]
[Site "?"]
[Date "2011.11.22"]
[Round "?"]
[White "Graf, Alexander"]
[Black "Romero Holmes, Alfonso"]
[WhiteElo "2633"]
[BlackElo "2488"]
[Result "0-1"]

1. d4 Nc6 2. Nf3 d5 3. e3 Bg4 4. Be2 e6 5. Nbd2 Nf6 6. a3 Be7 7. h3 Bh5 8. c4 O-O 9. b4 a6 10. Bb2 dxc4 11. Bxc4 Nd5 12. O-O f5 13. Re1 Kh8 14. Qc2 Rf6 15. Rac1 Bd6 16. Ne5 Bxe5 17. dxe5 Rg6 18. Bxd5 Qxd5 19. e4 fxe4 20. Nxe4 Rf8 21. g4 Bxg4 22. hxg4 Rxg4+ 23. Ng3 Rf3 24. Qe2 Rh4 25. Ne4 Rfh3 26. Qc2 Rg4+ 

0-1

[Event "Olympiad"]
[Site "?"]
[Date "2002.11.10"]
[Round "?"]
[White "Dautov, R"]
[Black "Romero Holmes, Alfonso"]
[WhiteElo "2617"]
[BlackElo "2524"]
[Result "0-1"]

1. d4 Nf6 2. Nf3 g6 3. c4 Bg7 4. g3 O-O 5. Bg2 d6 6. O-O Nc6 7. Nc3 Bg4 8. h3 Bxf3 9. Bxf3 Nd7 10. e3 e5 11. d5 Ne7 12. e4 f5 13. Bd2 Nf6 14. b4 Qd7 15. Qe2 Rf7 16. Bg2 Raf8 17. Kh2 f4 18. Bf3 h5 19. Rac1 Nh7 20. h4 Bh6 21. Rcd1 Qd8 22. Bc1 Rf6 23. Qd3 Kg7 24. Ne2 R6f7 25. Ng1 Ng8 26. Kg2 Ngf6 27. gxf4 Nd7 28. Ne2 Qxh4 29. Rh1 Qe7 30. Rdg1 Bxf4 31. Nxf4 Rxf4 32. Bxf4 Rxf4 33. Kf1 Ng5 34. Bxh5 Nf8 35. Be2 Qf6 36. Rg2 Nxe4 37. Rhh2 Ng5 38. Qg3 Qf5 39. Bd3 e4 40. Qxg5 Qxg5 41. Rxg5 exd3 42. Rg3 Rd4 43. Ke1 Nd7 44. Rhh3 Ne5 45. a3 Kf6 46. Rh8 Nxc4 47. Kd1 Nxa3 48. Rc8 Nc4 49. Rxc7 d2 50. Rb3 Re4 51. Rxc4 Rxc4 52. Kxd2 Rd4+ 53. Ke3 Rxd5 54. b5 Ke6 55. Ke4 Re5+ 56. Kd4 Rf5 57. Ra3 Rxb5 58. Rxa7 Rb4+ 59. Ke3 Ke5 60. Ra8 Rb3+ 61. Ke2 d5 62. Re8+ Kd4 63. Re6 Rb2+ 64. Kf3 g5 65. Rg6 b5 66. Rxg5 b4 67. Rg8 Rc2 68. Rb8 Kc3 69. Kg3 b3 70. Rc8+ Kd2 71. Rd8 Rc5 72. f4 b2 

0-1

[Event "5th Mirabel Rapid"]
[Site "?"]
[Date "2002.04.13"]
[Round "?"]
[White "Chernin, Alexander"]
[Black "Romero Holmes, Alfonso"]
[WhiteElo "2590"]
[BlackElo "2503"]
[Result "0-1"]

1. c4 b6 2. d4 e6 3. a3 Bb7 4. Nc3 f5 5. Nh3 Nf6 6. f3 g6 7. g3 Bg7 8. Bg2 Nc6 9. O-O O-O 10. Be3 Qe7 11. Bf2 d6 12. d5 Nd8 13. e4 fxe4 14. fxe4 e5 15. Be3 Bc8 16. Nf2 Nf7 17. Qd2 Bd7 18. b4 h5 19. Rfc1 h4 20. c5 Nh5 21. Ne2 Bb5 22. Nd3 Bxd3 23. Qxd3 Bh6 24. cxb6 cxb6 25. Qd2 Bxe3+ 26. Qxe3 hxg3 27. hxg3 Ng5 28. Rc6 Rf7 29. Rac1 Raf8 30. Rc8 Kg7 31. Rxf8 Rxf8 32. a4 Rf7 33. a5 bxa5 34. bxa5 Kh6 35. a6 Nf6 36. Bf3 Nxd5 37. exd5 Rxf3 38. Qd2 e4 39. Kg2 Qf6 40. Qd4 Rxg3+ 41. Kxg3 Qf3+ 42. Kh2 Qh3+ 43. Kg1 Nf3+ 44. Kf2 Nxd4 45. Nxd4 

0-1

[Event "Pamplona"]
[Site "?"]
[Date "1990.??.??"]
[Round "?"]
[White "Novikov, Igor A"]
[Black "Romero Holmes, Alfonso"]
[WhiteElo "2575"]
[BlackElo "2475"]
[Result "0-1"]

1. d4 Nf6 2. c4 g6 3. Nc3 Bg7 4. e4 d6 5. f3 O-O 6. Nge2 c5 7. Be3 Nc6 8. Qd2 e6 9. O-O-O Qe7 10. Kb1 e5 11. dxc5 dxc5 12. Bg5 Nd4 13. Nd5 Qd6 14. Nxd4 cxd4 15. c5 Qd8 16. Bc4 Be6 17. Rc1 Rc8 18. Bb3 b6 19. cxb6 Bxd5 20. Bxd5 Qxb6 21. Bb3 Nd7 22. Rxc8 Rxc8 23. Rc1 Nc5 24. Qc2 Bf6 25. Bd2 Kg7 26. Bd5 a5 27. a3 Be7 28. Ka2 Rb8 29. Rb1 Qa7 30. f4 Bf6 31. Rc1 Rc8 32. Qc4 Qd7 33. Bxa5 Nxe4 34. Bc6 Nc3+ 35. Qxc3 Qe6+ 36. Qb3 Rxc6 37. Rxc6 Qxc6 38. fxe5 Bxe5 39. g3 Qg2 40. Qd3 Qd5+ 

0-1

[Event "Hoogovens-B"]
[Site "?"]
[Date "1991.??.??"]
[Round "?"]
[White "Frias, Victor J"]
[Black "Romero Holmes, Alfonso"]
[WhiteElo "2520"]
[BlackElo "2460"]
[Result "0-1"]

1. c4 g6 2. Nc3 Bg7 3. g3 e5 4. Bg2 d6 5. d3 f5 6. e3 Nf6 7. Nge2 O-O 8. O-O c6 9. b4 a6 10. a4 Be6 11. Bb2 d5 12. cxd5 cxd5 13. a5 Nc6 14. Na4 Bf7 15. Qd2 Re8 16. Rfc1 Nd7 17. Nc5 Nxc5 18. bxc5 Rc8 19. d4 e4 20. Bc3 g5 21. Rf1 Qe7 22. Rae1 Bh5 23. f3 exf3 24. Bxf3 Bxf3 25. Rxf3 Qe4 26. Rf2 Qxe3 27. Qxe3 Rxe3 28. Kf1 Rf8 29. Bd2 Re4 30. Bxg5 Bxd4 31. Nxd4 Rxe1+ 32. Kxe1 Nxd4 33. Bh6 Rf6 34. Bf4 Rf7 35. Rb2 Nc6 36. Rd2 Rd7 37. Bd6 Nxa5 38. Rxd5 Nc4 39. Ke2 Nxd6 40. cxd6 Kg7 41. Kd3 Kf6 42. Kc4 b6 43. Rd1 Ke5 44. Ra1 Rxd6 45. Kb4 Rd4+ 46. Kc3 a5 47. Rb1 Rb4 48. Re1+ Kd6 49. Rd1+ Kc6 50. Rd8 f4 51. gxf4 Rxf4 52. Rd3 Rh4 53. h3 b5 54. Rf3 a4 55. Kb2 Kc5 56. Ka3 Kc4 57. Kb2 b4 58. Rg3 Rf4 59. Rg2 a3+ 60. Ka2 Kb5 61. Rg7 Rf2+ 62. Kb1 Ka4 63. Rg4 a2+ 64. Ka1 Ka3 

0-1

[Event "Capablanca mem"]
[Site "?"]
[Date "1991.??.??"]
[Round "?"]
[White "Zapata, Alonso"]
[Black "Romero Holmes, Alfonso"]
[WhiteElo "2510"]
[BlackElo "2485"]
[Result "0-1"]

1. e4 c5 2. Nf3 a6 3. Nc3 b5 4. d4 cxd4 5. Nxd4 Bb7 6. Be3 b4 7. Na4 Bxe4 8. Nb3 Nc6 9. Nbc5 Nf6 10. f3 Bg6 11. a3 bxa3 12. Qd2 e6 13. Rxa3 Nd5 14. Bf2 Ncb4 15. Ne4 Nxc2+ 16. Qxc2 Bxa3 17. bxa3 Qa5+ 18. Kd1 O-O 19. Nac5 Bxe4 20. Nxe4 Rfc8 21. Qd2 Qa4+ 22. Ke1 f5 23. Nc5 Qxa3 24. Nd3 Rab8 25. Bd4 Rb1+ 26. Kf2 Qa4 27. Nc5 Qd1 28. Qxd1 Rxd1 29. Bxa6 Rxh1 30. Bxc8 Nb6 31. Bxd7 Nxd7 32. Nxd7 Rxh2 33. f4 Rh1 34. Ne5 h6 35. Nf3 Rb1 36. Be5 Kf7 37. Kg3 Rc1 38. Nd4 g5 39. Nf3 Kg6 40. Nd4 Kf7 41. Nf3 g4 42. Nd4 h5 43. Kf2 Rb1 44. Ke2 h4 45. Kd3 Ra1 46. Bd6 Ra6 47. Bc5 Kg6 48. Bb4 Kh5 49. Bc3 g3 50. Ke2 h3 51. gxh3 Kh4 52. Bd2 Kxh3 53. Nf3 Ra2 54. Kf1 Ra3 55. Ke2 Kg2 56. Ng5 Kh1 57. Be3 g2 58. Bc5 Ra5 59. Be3 g1=Q 60. Bxg1 Kxg1 61. Nxe6 Kg2 62. Ke3 Kg3 63. Kd4 Ra6 

0-1

[Event "Olympiad"]
[Site "?"]
[Date "2002.11.08"]
[Round "?"]
[White "Svetushkin, Dmitry"]
[Black "Romero Holmes, Alfonso"]
[WhiteElo "2505"]
[BlackElo "2524"]
[Result "0-1"]

1. d4 Nf6 2. c4 g6 3. Nc3 Bg7 4. e4 d6 5. f3 O-O 6. Nge2 c5 7. d5 e6 8. Ng3 exd5 9. cxd5 Nh5 10. Nxh5 gxh5 11. Bd3 Nd7 12. f4 f5 13. Qxh5 b5 14. exf5 c4 15. Bc2 Re8+ 16. Kf2 Bxc3 17. bxc3 Qb6+ 18. Kf1 Nf6 19. Qh4 Kf7 20. g4 Qc5 21. Rg1 Qxd5 22. Qh3 h5 23. Ba3 hxg4 24. Rxg4 Rh8 25. Qg2 Qxg2+ 26. Rxg2 Bb7 27. Re2 Rae8 28. Rae1 Rxe2 29. Rxe2 Bf3 30. Rf2 Ng4 31. Rd2 Nxh2+ 32. Kf2 d5 33. Bc5 a6 34. Bd1 Be4 35. Be2 Rg8 36. Bd4 Bxf5 37. Bh5+ Ke6 38. Be5 Be4 39. Be2 Rg2+ 40. Ke3 Bd3 41. Bb8 Bxe2 42. Rxe2 Ng4+ 43. Kf3+ Rxe2 44. Kxe2 Kf5 45. Kf3 d4 46. cxd4 Nf6 47. a4 b4 48. d5 Nxd5 49. Be5 b3 50. Ke2 Nxf4+ 

0-1

[Event "Las Palmas op1"]
[Site "?"]
[Date "1991.??.??"]
[Round "?"]
[White "Bellon Lopez, Juan Manuel"]
[Black "Romero Holmes, Alfonso"]
[WhiteElo "2495"]
[BlackElo "2460"]
[Result "0-1"]

1. d4 Nf6 2. c4 g6 3. Nc3 Bg7 4. e4 d6 5. Nf3 O-O 6. h3 c6 7. Be3 Na6 8. Be2 e5 9. dxe5 dxe5 10. Qxd8 Rxd8 11. a3 Nh5 12. g3 f5 13. exf5 gxf5 14. Nxe5 Nxg3 15. Rg1 Bxe5 16. f4 Bf6 17. Rxg3+ Kf7 18. Bf2 Be6 19. Rd1 Rxd1+ 20. Nxd1 b6 21. b4 c5 22. b5 Nc7 23. a4 a5 24. Rd3 Ke7 25. Bf3 Rd8 26. Rxd8 Kxd8 27. Ne3 Bd4 28. Bh4+ Kd7 29. Kd2 Bxe3+ 30. Kxe3 Bxc4 31. Bd1 Nd5+ 32. Kf3 Bd3 33. Be1 c4 34. Bd2 c3 35. Bc1 Be4+ 36. Kg3 Nb4 37. Bb3 Bd5 38. Bxd5 Nxd5 39. Kf3 Kd6 40. Ba3+ Nb4 

0-1

[Event "ESP-chT"]
[Site "?"]
[Date "1997.??.??"]
[Round "?"]
[White "Gomez Esteban, Juan Mario"]
[Black "Romero Holmes, Alfonso"]
[WhiteElo "2490"]
[BlackElo "2465"]
[Result "0-1"]

1. d4 e6 2. Nf3 c5 3. g3 Nf6 4. Bg2 cxd4 5. Nxd4 Qb6 6. O-O Nc6 7. Nb3 d5 8. N1d2 a5 9. Nf3 e5 10. Be3 d4 11. Bg5 Ne4 12. Bc1 a4 13. Nbd2 Nxd2 14. Qxd2 Be7 15. c3 O-O 16. cxd4 exd4 17. Qd3 Ra5 18. Qd1 Be6 19. Bd2 Rb5 20. Qxa4 Rxb2 21. Rfd1 h6 22. Ne1 Nb4 23. Bxb4 Rxb4 24. Qc2 Ra8 25. Nd3 Rc4 26. Qd2 Qc7 27. Nf4 Rc2 28. Nxe6 fxe6 29. Qd3 Raxa2 30. Rxa2 Rxa2 31. h4 b6 32. Qe4 Qc4 33. Bf3 Bf6 34. Bg4 e5 35. Qg6 Qf7 36. Qe4 Ra7 37. Qc6 Re7 38. Qxb6 h5 39. Bh3 e4 40. Rb1 g6 41. Qc6 e3 42. f4 d3 43. exd3 e2 44. Re1 Re3 45. Kg2 Kg7 46. Kf2 Bd4 47. Kg2 Qe7 48. Qc4 Rxg3+ 49. Kxg3 Qe3+ 50. Kh2 Qf2+ 51. Bg2 Qxf4+ 52. Kh3 Qg4+ 53. Kh2 Qxh4+ 54. Bh3 Be5+ 

0-1

[Event "Leon"]
[Site "?"]
[Date "1990.??.??"]
[Round "?"]
[White "Franco Ocampos, Zenon"]
[Black "Romero Holmes, Alfonso"]
[WhiteElo "2475"]
[BlackElo "2460"]
[Result "0-1"]

1. c4 e5 2. Nc3 d6 3. d4 exd4 4. Qxd4 Nc6 5. Qd2 Nf6 6. g3 Be6 7. e4 Be7 8. b3 Nxe4 9. Nxe4 d5 10. Bg2 Bb4 11. Nc3 d4 12. Bb2 Qf6 13. Nge2 O-O-O 14. Qc1 dxc3 15. Bxc3 Qe5 16. Bxc6 bxc6 17. Bxb4 Bh3 18. Qc3 Qf5 19. g4 Bxg4 20. f3 Rd3 21. fxg4 Qe4 22. Qxd3 Qxd3 23. Rd1 Qh3 24. Ng3 Qxg4 25. O-O h5 26. Kh1 h4 27. Nf5 Qe4+ 28. Kg1 Rh5 29. Rd2 Rg5+ 30. Kf2 Rg2# 

0-1